000 00925nmc a2200337 a 4500
003 AR-BaBNM
005 20251128210919.0
008 101020s1999 ||||||||||||||000 | spa||
020 _a950-12-2142-3
040 _cAR-BaBNM
100 1 _aPiaget, Jean
245 1 0 _aDe la pedagogía
260 _aBuenos Aires
_bPaidós
_c1999
300 0 _a272 p.
490 0 _aPaidós educador
_vv. 142
500 0 _aContiene referencias bibliográficas
600 1 4 _aComenius, Johann Amos
650 4 _aPSICOLOGIA DE LA EDUCACION
650 4 _aEDUCACION MORAL
650 4 _aDESARROLLO DEL NINO
650 4 _aEDUCACION INTERNACIONAL
650 4 _aEDUCACION PARA LA PAZ
650 4 _aADOLESCENCIA
650 4 _aPEDAGOGIA
650 4 _aEDUCACION ARTISTICA
650 4 _aENSENANZA DE LAS MATEMATICAS
653 _aCONSTRUCTIVISMO
653 _aENSENANZA DE LAS CIENCIAS NATURALES
942 _cBK
998 _cRAQUEL
999 _c17434
_d17434